00518nam a2200169Ia 450000500170000000800410001702000150005808200130007310000160008624500320010226000450013430000130017950000370019294200060022995200980023599900150033320250701153151.0240331s9999 xx 000 0 und d a9559544411 bDEVa398 aDevapriya,S 0aJanapravada saha janawahara aNuwara EliyabKaushalya Publishersc1993 a76 p ., aA book on Legends and Population cL 001040708LaWERCLbWERCLcSSCd2024-03-31l0o 398.09 DEVp2444r2024-03-31w2024-03-31yL c5099d5099